Vplyv vybraných faktorov na trh s nehnuteľnosťami v súčasnom období na Slovensku

Pomer dopytu a ponuky ako určujúci faktor vývoja trhu s nehnuteľnosťami. Ďalšie faktory: miera nezamestnanosti, poskytovanie úverov, dotácie a zásahy štátu.

Salvato in:
Dettagli Bibliografici
Autore principale: Nemcová, Daniela, 1963-
Natura: Capitolo di libro
Lingua:slovacco
Soggetti:
Tags: Aggiungi Tag
Nessun Tag, puoi essere il primo ad aggiungerne!!

MARC

LEADER 00000nla$a2200000$$$4500
001 0137035
005 20240502072532.7
041 0 |a slo 
044 |a SK 
245 1 0 |a Vplyv vybraných faktorov na trh s nehnuteľnosťami v súčasnom období na Slovensku  |c Daniela Nemcová 
520 |a Pomer dopytu a ponuky ako určujúci faktor vývoja trhu s nehnuteľnosťami. Ďalšie faktory: miera nezamestnanosti, poskytovanie úverov, dotácie a zásahy štátu. 
610 2 0 |a nehnuteľnosti 
610 2 0 |a trh 
610 2 0 |a ponuka 
610 2 0 |a dopyt 
610 2 0 |a miera nezamestnanosti 
610 2 0 |a úver hypotekárny 
610 2 0 |a dotácie 
610 2 0 |a fond rozvoja bývania 
610 2 0 |a Slovensko 
100 1 |a Nemcová, Daniela, 1963-